The dynamics of thermal regime changes of a local working zone in conditions of its heating by gas infrared radiators; IOP Conference Series: Materials Science and Engineering; Vol. 93: Modern Technique and Technologies (MTT'2015)
| Parent link: | IOP Conference Series: Materials Science and Engineering Vol. 93: Modern Technique and Technologies (MTT'2015).— 2015.— [012009, 5 p.] |
|---|---|
| Autor principal: | |
| Autor corporatiu: | |
| Sumari: | Title screen Mathematical modeling of unsteady heat transfer in a closed rectangular area with a local heat supply object in a conjugate formulation in working conditions of radiation source of energy is passed. Fields of temperatures and stream functions, illustrating the influence of a local typical object on thermal regime are received. The effect of Grashof number on dimensionless heat transfer coefficient - Nusselt number is investigated. The influence of nonconducted heat supply object on heat transfer rate in solution domain is showed. Режим доступа: по договору с организацией-держателем ресурса |
| Idioma: | anglès |
| Publicat: |
2015
|
| Col·lecció: | Power industry |
| Matèries: | |
| Accés en línia: | http://dx.doi.org/10.1088/1757-899X/93/1/012009 http://earchive.tpu.ru/handle/11683/20078 |
| Format: | MixedMaterials Electrònic Capítol de llibre |
| KOHA link: | https://koha.lib.tpu.ru/cgi-bin/koha/opac-detail.pl?biblionumber=644508 |
MARC
| LEADER | 00000naa2a2200000 4500 | ||
|---|---|---|---|
| 001 | 644508 | ||
| 005 | 20250224162505.0 | ||
| 035 | |a (RuTPU)RU\TPU\network\9589 | ||
| 035 | |a RU\TPU\network\9588 | ||
| 090 | |a 644508 | ||
| 100 | |a 20151119d2015 k||y0rusy50 ba | ||
| 101 | 0 | |a eng | |
| 135 | |a drgn ---uucaa | ||
| 181 | 0 | |a i | |
| 182 | 0 | |a b | |
| 200 | 1 | |a The dynamics of thermal regime changes of a local working zone in conditions of its heating by gas infrared radiators |f A. Nee | |
| 203 | |a Text |c electronic | ||
| 225 | 1 | |a Power industry | |
| 300 | |a Title screen | ||
| 320 | |a [References: 5 tit.] | ||
| 330 | |a Mathematical modeling of unsteady heat transfer in a closed rectangular area with a local heat supply object in a conjugate formulation in working conditions of radiation source of energy is passed. Fields of temperatures and stream functions, illustrating the influence of a local typical object on thermal regime are received. The effect of Grashof number on dimensionless heat transfer coefficient - Nusselt number is investigated. The influence of nonconducted heat supply object on heat transfer rate in solution domain is showed. | ||
| 333 | |a Режим доступа: по договору с организацией-держателем ресурса | ||
| 461 | 1 | |0 (RuTPU)RU\TPU\network\2008 |t IOP Conference Series: Materials Science and Engineering | |
| 463 | 1 | |0 (RuTPU)RU\TPU\network\9450 |t Vol. 93: Modern Technique and Technologies (MTT'2015) |o 21th International Conference for Students and Young Scientists, 5-9 October 2015, Tomsk |o [proceedings] |v [012009, 5 p.] |d 2015 | |
| 610 | 1 | |a электронный ресурс | |
| 610 | 1 | |a труды учёных ТПУ | |
| 610 | 1 | |a тепловые измерения | |
| 610 | 1 | |a рабочие зоны | |
| 610 | 1 | |a нагрев | |
| 610 | 1 | |a газовые излучатели | |
| 610 | 1 | |a инфракрасные излучатели | |
| 700 | 1 | |a Nee |b A. E. |c specialist in the field of thermal engineering |c Associate Professor of Tomsk Polytechnic University, Candidate of Sciences |f 1990- |g Aleksandr Eduardovich |3 (RuTPU)RU\TPU\pers\35708 |9 18868 | |
| 712 | 0 | 2 | |a Национальный исследовательский Томский политехнический университет (ТПУ) |c (2009- ) |3 (RuTPU)RU\TPU\col\15902 |
| 801 | 2 | |a RU |b 63413507 |c 20161122 |g RCR | |
| 856 | 4 | 0 | |u http://dx.doi.org/10.1088/1757-899X/93/1/012009 |
| 856 | 4 | 0 | |u http://earchive.tpu.ru/handle/11683/20078 |
| 942 | |c CF | ||